[Event "4NCL/Div2/PYO vs. BGR3"]
[Site "Birmingham ENG"]
[Date "2001.11.24"]
[Round "3.4"]
[White "Howell, Christopher I"]
[Black "Yastrebov, Alexander"]
[Result "0-1"]
[WhiteElo "2160"]
[BlackElo "2181"]
[PlyCount "68"]
[EventDate "2001.11.24"]
[SourceDate "2001.01.01"]

1. e4 c5 2. c3 Nf6 3. e5 Nd5 4. d4 cxd4 5. Nf3 e6 6. cxd4 b6 7. Bd3 Bb7 8. a3
d6 9. O-O Nd7 10. b4 Be7 11. Bb2 O-O 12. Re1 dxe5 13. dxe5 a5 14. b5 Nc5 15.
Bc4 Rc8 16. Bxd5 Bxd5 17. Nc3 Bxf3 18. Qxf3 Qd3 19. Re3 Qc2 20. Qe2 Qxe2 21.
Nxe2 Rfd8 22. Bd4 Rd5 23. f4 Rcd8 24. Rd1 a4 25. Kf2 Nb3 26. Red3 Bxa3 27. Ke3
Nxd4 28. Nxd4 Bc5 29. Ke4 f5+ 30. exf6 gxf6 31. g4 Rxd4+ 32. Rxd4 Rxd4+ 33.
Rxd4 Bxd4 34. Kxd4 e5+ 0-1

[Event "4NCL/Div2/PYO vs. BGR3"]
[Site "Birmingham ENG"]
[Date "2001.11.24"]
[Round "3.5"]
[White "Rendle, Thomas E"]
[Black "Stille, Alexander M"]
[Result "1-0"]
[WhiteElo "2135"]
[BlackElo "1848"]
[PlyCount "52"]
[EventDate "2001.11.24"]
[SourceDate "2001.01.01"]

1. e4 d5 2. exd5 Qxd5 3. Nc3 Qa5 4. d4 Nf6 5. Nf3 Bf5 6. Bc4 e6 7. Bd2 c6 8.
Qe2 Nbd7 9. Ne5 Nxe5 10. dxe5 Nd7 11. Nd5 Qd8 12. Ne3 Bg6 13. f4 h5 14. O-O-O
Qc7 15. f5 exf5 16. e6 fxe6 17. Bxe6 O-O-O 18. Nxf5 Bxf5 19. Bxf5 Bd6 20. Bc3
Kb8 21. Bxg7 Rhg8 22. Bc3 Bxh2 23. Rxd7 Rxd7 24. Bxd7 Bf4+ 25. Bd2 Bxd2+ 26.
Qxd2 Rd8 1-0

[Event "4NCL/Div2/PYO vs. BGR3"]
[Site "Birmingham ENG"]
[Date "2001.11.24"]
[Round "3.6"]
[White "Barraclough, David"]
[Black "Gilbert, Jessie"]
[Result "0-1"]
[WhiteElo "1576"]
[BlackElo "2075"]
[PlyCount "52"]
[EventDate "2001.11.24"]
[SourceDate "2001.01.01"]

1. e4 c5 2. Nf3 Nc6 3. d4 cxd4 4. Nxd4 g6 5. Be3 Bg7 6. Nc3 Nf6 7. f3 O-O 8.
Qd2 d5 9. exd5 Nxd5 10. Nxd5 Qxd5 11. Nxc6 Qxc6 12. O-O-O Be6 13. Kb1 Rfc8 14.
Be2 Qa4 15. a3 b5 16. Bd3 Bxb2 17. Kxb2 b4 18. Ra1 Rab8 19. Bf4 Rb6 20. Kc1 b3
21. Be5 f6 22. Bb2 bxc2 23. Bc3 Qb3 24. Bxc2 Rxc3 25. Kd1 Qc4 26. Qf2 Rd6+ 0-1

[Event "4NCL/Div2/PYO vs. BGR3"]
[Site "Birmingham ENG"]
[Date "2001.11.24"]
[Round "3.7"]
[White "Lazhevskaya, Zhanna"]
[Black "McIntosh, Doreen"]
[Result "1-0"]
[WhiteElo "2103"]
[BlackElo "1304"]
[PlyCount "45"]
[EventDate "2001.11.24"]
[SourceDate "2001.01.01"]

1. e4 c5 2. Nf3 Nc6 3. Nc3 g6 4. d4 cxd4 5. Nxd4 Bg7 6. Be3 e6 7. Ndb5 Nf6 8.
Nd6+ Kf8 9. f4 Ne8 10. e5 Ne7 11. Bb5 Nxd6 12. Qxd6 Kg8 13. Bc5 Nf5 14. Qd3 b6
15. Ba3 Bb7 16. O-O-O Bh6 17. Rhf1 Bxg2 18. Rf2 Bh3 19. Qxh3 Qc7 20. Bd6 Nxd6
21. Rxd6 Qc5 22. Ne4 Qxb5 23. Qxh6 1-0

[Event "4NCL/Div2/PYO vs. BGR3"]
[Site "Birmingham ENG"]
[Date "2001.11.24"]
[Round "3.8"]
[White "Barraclough, Stephanie"]
[Black "Timms, Nicholas D"]
[Result "0-1"]
[WhiteElo "1296"]
[BlackElo "2114"]
[PlyCount "88"]
[EventDate "2001.11.24"]
[SourceDate "2001.01.01"]

1. e4 c6 2. d3 d5 3. Nd2 g6 4. g3 Bg7 5. Bg2 e5 6. Ngf3 Ne7 7. O-O O-O 8. Re1
Nd7 9. Qe2 f5 10. Nb3 h6 11. h4 Qc7 12. Bd2 fxe4 13. dxe4 Nf6 14. exd5 e4 15.
Nfd4 cxd5 16. Bf4 Qb6 17. Qb5 Qxb5 18. Nxb5 Bd7 19. Nd6 b6 20. f3 Nh5 21. fxe4
Nxf4 22. gxf4 Rxf4 23. exd5 Nf5 24. Nxf5 Bxf5 25. c3 Kf7 26. Rad1 Rd8 27. Rf1
Rxh4 28. d6 Be5 29. d7 Bh2+ 30. Kf2 Rf4+ 31. Ke2 Bg4+ 32. Bf3 Bxd7 33. Nd4 h5
34. Kf2 h4 35. Kg2 Bg3 36. Bd5+ Kf6 37. Ne2 Rxf1 38. Rxf1+ Bf5 39. Nxg3 Rxd5
40. Nxf5 Rxf5 41. Rd1 Re5 42. Rf1+ Kg5 43. Rf2 Re3 44. Kh2 Kg4 0-1

[Event "4NCL/Div2/BAR3 vs. ATH"]
[Site "Birmingham ENG"]
[Date "2001.11.24"]
[Round "3.1"]
[White "Hodgson, John H"]
[Black "Spreeuw, Jaap"]
[Result "1/2-1/2"]
[WhiteElo "2297"]
[BlackElo "2316"]
[PlyCount "43"]
[EventDate "2001.11.24"]
[SourceDate "2001.01.01"]

1. e4 c5 2. Nf3 Nc6 3. c3 Nf6 4. e5 Nd5 5. d4 cxd4 6. Bc4 Nb6 7. Bb3 d5 8. exd6
Qxd6 9. O-O Be6 10. Bxe6 Qxe6 11. Nxd4 Nxd4 12. Qxd4 Rd8 13. Qh4 Qe2 14. Nd2 e6
15. Qg3 f6 16. Nb3 Kf7 17. Qe3 Qc4 18. Qf3 Qd5 19. Qxd5 Rxd5 20. Be3 Nc4 21.
Rad1 Nxb2 22. Rxd5 1/2-1/2

[Event "4NCL/Div2/BAR3 vs. ATH"]
[Site "Birmingham ENG"]
[Date "2001.11.24"]
[Round "3.2"]
[White "Wade, Robert G"]
[Black "D'Costa, Lorin AR"]
[Result "0-1"]
[WhiteElo "2224"]
[BlackElo "2210"]
[PlyCount "104"]
[EventDate "2001.11.24"]
[SourceDate "2001.01.01"]

1. d4 Nf6 2. Nc3 d5 3. Bg5 Nbd7 4. e3 c6 5. f4 g6 6. Nf3 Bg7 7. Bd3 O-O 8. O-O
b6 9. Qd2 Bb7 10. Rae1 c5 11. Ne5 a6 12. f5 Ne4 13. Bxe4 dxe4 14. Nxd7 Qxd7 15.
fxg6 hxg6 16. d5 f6 17. Bh4 g5 18. Bg3 f5 19. h4 g4 20. Rd1 b5 21. Ne2 Rad8 22.
Nf4 Be5 23. Qf2 Qd6 24. b3 b4 25. Ne2 Bxd5 26. Kh2 Qf6 27. Bxe5 Qxe5+ 28. Qf4
Qxf4+ 29. Nxf4 Bf7 30. Ne2 e6 31. Kg3 Kg7 32. c3 a5 33. cxb4 axb4 34. Rxd8 Rxd8
35. Rc1 Rd2 36. Kf2 Rxa2 37. Rxc5 Rb2 38. Rc7 Kf6 39. Rc6 g3+ 40. Ke1 Rxb3 41.
Nxg3 Rxe3+ 42. Kf2 Ra3 43. Rb6 b3 44. h5 Kg5 45. h6 Bg6 46. Rxe6 Ra2+ 47. Ne2
Kxh6 48. Ke3 Kg5 49. Rb6 Bf7 50. Rb7 Bc4 51. Nd4 Bd5 52. Rb5 f4# 0-1

[Event "4NCL/Div2/BAR3 vs. ATH"]
[Site "Birmingham ENG"]
[Date "2001.11.24"]
[Round "3.3"]
[White "Mack, Andrew"]
[Black "Spivack, Simon"]
[Result "1-0"]
[WhiteElo "2275"]
[BlackElo "2182"]
[PlyCount "51"]
[EventDate "2001.11.24"]
[SourceDate "2001.01.01"]

1. e4 e5 2. Nf3 Nc6 3. d4 exd4 4. Nxd4 Nf6 5. Nxc6 bxc6 6. Bd3 d5 7. e5 Nd7 8.
O-O Nc5 9. Nc3 Be6 10. f4 f5 11. exf6 Qxf6 12. f5 Bd7 13. Qh5+ Qf7 14. Qe2+ Be7
15. Bg5 Kd8 16. Bxe7+ Qxe7 17. Qf2 Rf8 18. Rae1 Nxd3 19. cxd3 Qg5 20. Qc5 Re8
21. Rxe8+ Kxe8 22. Nxd5 cxd5 23. Re1+ Kf7 24. Qxd5+ Kf6 25. Qxd7 g6 26. Qe7+
1-0

[Event "4NCL/Div2/BAR3 vs. ATH"]
[Site "Birmingham ENG"]
[Date "2001.11.24"]
[Round "3.4"]
[White "Quinn, John M"]
[Black "Taylor, Peter"]
[Result "1/2-1/2"]
[WhiteElo "2189"]
[BlackElo "2229"]
[PlyCount "70"]
[EventDate "2001.11.24"]
[SourceDate "2001.01.01"]

1. d4 Nf6 2. c4 e6 3. Nc3 Bb4 4. Qc2 O-O 5. Bg5 c5 6. dxc5 Na6 7. a3 Bxc3+ 8.
Qxc3 Nxc5 9. f3 Nfe4 10. Bxd8 Nxc3 11. Be7 Nb3 12. Bxf8 Kxf8 13. Rd1 Nxd1 14.
Kxd1 b6 15. Kc2 Na5 16. b3 Bb7 17. e4 d5 18. exd5 exd5 19. cxd5 Rc8+ 20. Kb2
Bxd5 21. b4 Nc4+ 22. Bxc4 Bxc4 23. Nh3 Re8 24. Kc3 Bb5 25. Kd4 Rd8+ 26. Ke4 Rd2
27. Rc1 Rxg2 28. Nf4 Rxh2 29. Rc8+ Ke7 30. Rc7+ Kd6 31. Rxf7 g5 32. Rf6+ Kd7
33. Nd5 Bc6 34. Rf7+ Ke8 35. Rc7 Bxd5+ 1/2-1/2

[Event "4NCL/Div2/BAR3 vs. ATH"]
[Site "Birmingham ENG"]
[Date "2001.11.24"]
[Round "3.5"]
[White "Manley, Jon P"]
[Black "Stevenson, James A.B"]
[Result "1-0"]
[WhiteElo "2185"]
[BlackElo "2151"]
[PlyCount "63"]
[EventDate "2001.11.24"]
[SourceDate "2001.01.01"]

1. e4 Nc6 2. Nc3 e6 3. d4 d5 4. e5 b6 5. Nf3 Bb7 6. Be2 Qd7 7. O-O O-O-O 8. Re1
f5 9. exf6 gxf6 10. Nh4 Nge7 11. Bg4 f5 12. Bh3 Bg7 13. Ne2 Bf6 14. Nf3 Ng6 15.
Nf4 Nxf4 16. Bxf4 Rde8 17. c3 Rhg8 18. Qe2 Re7 19. b4 Qe8 20. a4 Qh5 21. Kh1
Nd8 22. a5 Nf7 23. axb6 axb6 24. Ra7 Ng5 25. Bxg5 Bxg5 26. Rea1 Rgg7 27. Ra8+
Bxa8 28. Rxa8+ Kb7 29. Qa6+ Kc6 30. b5+ Kd6 31. Qa3+ c5 32. dxc5+ 1-0

[Event "4NCL/Div2/BAR3 vs. ATH"]
[Site "Birmingham ENG"]
[Date "2001.11.24"]
[Round "3.6"]
[White "Milligan, Helen"]
[Black "Galloway, Iain"]
[Result "1/2-1/2"]
[WhiteElo "2117"]
[BlackElo "2135"]
[PlyCount "98"]
[EventDate "2001.11.24"]
[SourceDate "2001.01.01"]

1. e4 c5 2. Nf3 d6 3. d4 cxd4 4. Nxd4 Nf6 5. Nc3 g6 6. Be3 Bg7 7. f3 O-O 8. Qd2
Nc6 9. O-O-O d5 10. Kb1 Rb8 11. e5 Nxe5 12. Bh6 Nc6 13. Bxg7 Kxg7 14. g4 e5 15.
Nb3 d4 16. Ne2 Qb6 17. h4 Be6 18. Ng3 a5 19. h5 a4 20. Nc1 a3 21. Nb3 Nb4 22.
Bd3 Nxd3 23. Qxd3 axb2 24. Ne4 Nxe4 25. Qxe4 Qb5 26. Rde1 f6 27. hxg6 hxg6 28.
g5 fxg5 29. Qxe5+ Qxe5 30. Rxe5 Bxb3 31. axb3 Rxf3 32. Rxg5 Rc8 33. Rh2 d3 34.
cxd3 Rxd3 35. Kxb2 Rc6 36. Rb5 b6 37. Re2 Rdd6 38. Rbe5 Kf6 39. R5e3 Re6 40.
Rf3+ Kg7 41. Rg2 Re5 42. Rfg3 Kh6 43. Ka3 g5 44. Rg4 Rcc5 45. Rd4 b5 46. Rd8
Kg6 47. Rgd2 Kf5 48. Kb4 g4 49. R2d4 Rc1 1/2-1/2

[Event "4NCL/Div2/BAR3 vs. ATH"]
[Site "Birmingham ENG"]
[Date "2001.11.24"]
[Round "3.7"]
[White "Karayiannis, Costas"]
[Black "McDonnell, James"]
[Result "1/2-1/2"]
[WhiteElo "2157"]
[BlackElo "2050"]
[PlyCount "35"]
[EventDate "2001.11.24"]
[SourceDate "2001.01.01"]

1. d4 d5 2. c4 c6 3. Nf3 Nf6 4. Nc3 dxc4 5. a4 Bf5 6. Ne5 e6 7. g3 Bb4 8. Bg2
Nbd7 9. Nxc4 Be4 10. f3 Bd5 11. Qd3 c5 12. e4 Bxc4 13. Qxc4 Qa5 14. O-O cxd4
15. Nb5 O-O 16. Nxd4 Ne5 17. Qb5 Qxb5 18. Nxb5 1/2-1/2

[Event "4NCL/Div2/BAR3 vs. ATH"]
[Site "Birmingham ENG"]
[Date "2001.11.24"]
[Round "3.8"]
[White "Gruettner, Ralf"]
[Black "Kieran, Rosalind"]
[Result "1-0"]
[WhiteElo "2058"]
[BlackElo "2079"]
[PlyCount "61"]
[EventDate "2001.11.24"]
[SourceDate "2001.01.01"]

1. e4 c5 2. Nc3 Nc6 3. g3 g6 4. Bg2 Bg7 5. d3 e6 6. Be3 d6 7. Qd2 Rb8 8. f4
Nge7 9. Nf3 b5 10. O-O b4 11. Nd1 Nd4 12. Qf2 Nxf3+ 13. Bxf3 Ba6 14. a3 Qc8 15.
axb4 Rxb4 16. g4 f5 17. gxf5 exf5 18. e5 dxe5 19. Bxc5 Rxf4 20. Bxe7 Bb7 21.
Qc5 Qxc5+ 22. Bxc5 Bxf3 23. Rxa7 Bf6 24. Ne3 h5 25. Rxf3 Rxf3 26. Nc4 e4 27.
Nd6+ Kf8 28. Nxe4+ Be7 29. Bxe7+ Kg8 30. Ng5 Re3 31. Bf6 1-0

[Event "4NCL/Div2/W&S vs. 3CS"]
[Site "Birmingham ENG"]
[Date "2001.11.24"]
[Round "3.1"]
[White "Rose, Matthew"]
[Black "Davies, Nigel R"]
[Result "0-1"]
[WhiteElo "2219"]
[BlackElo "2481"]
[PlyCount "69"]
[EventDate "2001.11.24"]
[SourceDate "2001.01.01"]

1. e4 Nf6 2. e5 Nd5 3. c4 Nb6 4. c5 Nd5 5. Bc4 c6 6. Qf3 e6 7. d4 b6 8. cxb6
axb6 9. Nh3 Ba6 10. Bxa6 Nxa6 11. O-O f5 12. Nc3 Nac7 13. Nf4 Nxf4 14. Bxf4 Be7
15. Qh5+ g6 16. Qh6 Kf7 17. g4 Qf8 18. Qh3 Kg8 19. Bh6 Qf7 20. Kh1 b5 21. a3
Bf8 22. Bxf8 Rxf8 23. f3 Kg7 24. Qg2 Qe7 25. Rad1 Rf7 26. gxf5 Rxf5 27. Ne4 Nd5
28. Ng3 Rf7 29. Qd2 Rhf8 30. Qd3 Qh4 31. Rf2 Rf4 32. b3 Rg4 33. Rg2 Rg5 34. Rf2
Rxg3 35. Qe4 0-1

[Event "4NCL/Div2/W&S vs. 3CS"]
[Site "Birmingham ENG"]
[Date "2001.11.24"]
[Round "3.2"]
[White "Clarke, Stuart"]
[Black "Haydon, Richard"]
[Result "1/2-1/2"]
[WhiteElo "2290"]
[BlackElo "2208"]
[PlyCount "49"]
[EventDate "2001.11.24"]
[SourceDate "2001.01.01"]

1. e4 g6 2. d4 Bg7 3. Nc3 d6 4. Be3 c6 5. Qd2 b5 6. Bd3 Qc7 7. Nf3 Nd7 8. Ne2
Nb6 9. Qa5 Nf6 10. O-O O-O 11. Nd2 Ng4 12. Bg5 h6 13. Bh4 e5 14. h3 Nf6 15. a4
bxa4 16. Rxa4 Be6 17. dxe5 dxe5 18. Nc4 Qb8 19. Rb4 Bxc4 20. Bxc4 Nxc4 21. Rxc4
Qxb2 22. Bxf6 Bxf6 23. Rxc6 Bg7 24. Rd1 Rac8 25. Qd5 1/2-1/2

[Event "4NCL/Div2/W&S vs. 3CS"]
[Site "Birmingham ENG"]
[Date "2001.11.24"]
[Round "3.3"]
[White "Headlong, Timothy"]
[Black "Ashton, Adam G"]
[Result "1-0"]
[WhiteElo "2232"]
[BlackElo "2146"]
[PlyCount "87"]
[EventDate "2001.11.24"]
[SourceDate "2001.01.01"]

1. Nf3 Nf6 2. c4 g6 3. Nc3 Bg7 4. e4 d6 5. d4 O-O 6. Be2 e5 7. d5 a5 8. Bg5 h6
9. Bh4 Na6 10. O-O Qe8 11. Ne1 Nh7 12. Nd3 Bd7 13. f3 b6 14. b3 f5 15. a3 Nc5
16. Nxc5 bxc5 17. Nb5 Bxb5 18. cxb5 Nf6 19. Qc2 g5 20. Be1 fxe4 21. fxe4 Qg6
22. Bd3 Nh5 23. Rxf8+ Bxf8 24. g3 Nf6 25. Qe2 h5 26. h3 g4 27. h4 Bh6 28. a4
Nd7 29. Bc3 Nb6 30. Rf1 Kh7 31. Kh2 Kg7 32. Rf5 Nc8 33. Rf2 Nb6 34. Bc2 Kh7 35.
Bd3 Kg7 36. Bc4 Kh7 37. Rf5 Nc8 38. Qe1 Ne7 39. Rf1 Ng8 40. Bxa5 Rxa5 41. Qxa5
Qxe4 42. Qxc7+ Kh8 43. Qf7 Be3 44. Qf5 1-0

[Event "4NCL/Div2/W&S vs. 3CS"]
[Site "Birmingham ENG"]
[Date "2001.11.24"]
[Round "3.4"]
[White "Walton, Alan J"]
[Black "Dickinson, Tim R"]
[Result "1-0"]
[WhiteElo "2205"]
[BlackElo "2179"]
[PlyCount "81"]
[EventDate "2001.11.24"]
[SourceDate "2001.01.01"]

1. d4 e6 2. e4 d5 3. Nc3 Bb4 4. exd5 exd5 5. Bd3 Ne7 6. Qh5 Nbc6 7. Nge2 Qd7 8.
O-O Qg4 9. Qxg4 Bxg4 10. Nb5 Ba5 11. Bf4 O-O 12. c3 a6 13. Na3 Bf5 14. Rad1
Rae8 15. b4 Ng6 16. Bxf5 Rxe2 17. Bd2 Bb6 18. Bd3 Re7 19. Nc2 Rd7 20. Rfe1 f5
21. g3 Nce7 22. h4 f4 23. h5 fxg3 24. fxg3 Nh8 25. Rf1 Rxf1+ 26. Rxf1 c6 27.
Ne3 h6 28. Ng4 Nf7 29. Kg2 Bc7 30. a4 Ng5 31. Bxg5 hxg5 32. h6 Rd8 33. h7+ Kh8
34. Rf7 Re8 35. Nh2 a5 36. Nf3 axb4 37. cxb4 g4 38. Ng5 Bd6 39. Rf2 g6 40. Nf7+
Kg7 41. Nxd6 1-0

[Event "4NCL/Div2/W&S vs. 3CS"]
[Site "Birmingham ENG"]
[Date "2001.11.24"]
[Round "3.5"]
[White "Hannon, Mark J"]
[Black "Bentley, John L"]
[Result "0-1"]
[WhiteElo "2032"]
[BlackElo "2147"]
[PlyCount "121"]
[EventDate "2001.11.24"]
[SourceDate "2001.01.01"]

1. d4 Nf6 2. c4 g6 3. Nc3 Bg7 4. e4 d6 5. Nge2 O-O 6. Ng3 a6 7. Be2 c5 8. d5 b5
9. cxb5 axb5 10. Nxb5 Ba6 11. O-O Bxb5 12. Bxb5 Qb6 13. a4 Ne8 14. Bg5 f6 15.
Be3 Nc7 16. Qd3 Nba6 17. Rab1 Nxb5 18. axb5 Nb4 19. Qc4 Rfb8 20. Qxb4 cxb4 21.
Bxb6 Rxb6 22. Ra1 Rxa1 23. Rxa1 f5 24. exf5 Bxb2 25. Rb1 Ba3 26. fxg6 hxg6 27.
Kf1 Rxb5 28. Rb3 Rxd5 29. Ke2 Rd4 30. Ke3 e5 31. Ne2 Rd1 32. f4 Kf7 33. fxe5
dxe5 34. Ng3 Ke6 35. Ne2 Kd5 36. Rd3+ Rxd3+ 37. Kxd3 Bb2 38. h4 Bd4 39. g4 b3
40. h5 gxh5 41. gxh5 Ke6 42. Ng3 Kf6 43. Ne4+ Kg7 44. Nd2 b2 45. Ke4 Kh6 46.
Nb1 Kxh5 47. Na3 Kg4 48. Nb1 Kg3 49. Nd2 Kf2 50. Kd3 Ke1 51. Kc2 Ke2 52. Nb1 e4
53. Nd2 e3 54. Nb3 Bg7 55. Nc5 Kf1 56. Nd3 e2 57. Kb1 e1=Q+ 58. Nxe1 Kxe1 59.
Kc2 Ke2 60. Kb1 Kd1 61. Ka2 0-1

[Event "4NCL/Div2/W&S vs. 3CS"]
[Site "Birmingham ENG"]
[Date "2001.11.24"]
[Round "3.6"]
[White "Adams, Phil"]
[Black "Bourne, Johnathan D"]
[Result "1/2-1/2"]
[WhiteElo "2160"]
[BlackElo "2008"]
[PlyCount "47"]
[EventDate "2001.11.24"]
[SourceDate "2001.01.01"]

1. e4 c5 2. Nc3 Nc6 3. Nge2 g6 4. d4 cxd4 5. Nxd4 Bg7 6. Be3 d6 7. Bc4 Nf6 8.
h3 Bd7 9. O-O O-O 10. Bb3 Nxd4 11. Bxd4 b5 12. Re1 Bc6 13. Qd3 a6 14. Rad1 Nd7
15. Bxg7 Kxg7 16. Qd4+ Kg8 17. Bd5 Qc7 18. Bxc6 Qxc6 19. Nd5 Rfe8 20. c3 Rac8
21. Qa7 Ra8 22. Qc7 Rac8 23. Qa7 Ra8 24. Qc7 1/2-1/2

[Event "4NCL/Div2/W&S vs. 3CS"]
[Site "Birmingham ENG"]
[Date "2001.11.24"]
[Round "3.7"]
[White "Elliott, Sean"]
[Black "Gordon, Stephen J"]
[Result "1-0"]
[WhiteElo "1952"]
[BlackElo "1968"]
[PlyCount "49"]
[EventDate "2001.11.24"]
[SourceDate "2001.01.01"]

1. e4 c5 2. Nf3 e6 3. d4 cxd4 4. Nxd4 a6 5. Bd3 Nf6 6. O-O d6 7. c4 Bd7 8. Nc3
Nc6 9. Be3 Qc7 10. Kh1 Ne5 11. b3 Nxd3 12. Qxd3 Ng4 13. Bd2 Ne5 14. Qe2 Be7 15.
Rae1 Bf6 16. Nc2 O-O 17. f4 Ng6 18. Qh5 Rfc8 19. f5 Nf8 20. Ne3 Qa5 21. e5 Bxe5
22. Ne4 Qd8 23. f6 gxf6 24. Ng4 Qe7 25. Ngxf6+ 1-0

[Event "4NCL/Div2/W&S vs. 3CS"]
[Site "Birmingham ENG"]
[Date "2001.11.24"]
[Round "3.8"]
[White "Martin, Katie A"]
[Black "Headlong, Fenella"]
[Result "1/2-1/2"]
[WhiteElo "1448"]
[BlackElo "1656"]
[PlyCount "27"]
[EventDate "2001.11.24"]
[SourceDate "2001.01.01"]

1. e4 e5 2. Nf3 Nc6 3. Bc4 Bc5 4. c3 Nf6 5. d3 O-O 6. O-O d5 7. exd5 Nxd5 8.
Re1 Bg4 9. Nbd2 a6 10. Ne4 Ba7 11. h3 Bh5 12. Ng3 Bg6 13. Bg5 Qd6 14. Ne4
1/2-1/2

[Event "4NCL/Div2/SWD1 vs. BAR3"]
[Site "Birmingham ENG"]
[Date "2001.11.25"]
[Round "4.1"]
[White "Cobb, James E"]
[Black "Trent, Lawrence"]
[Result "1/2-1/2"]
[WhiteElo "2335"]
[BlackElo "2217"]
[PlyCount "90"]
[EventDate "2001.11.25"]
[SourceDate "2001.01.01"]

1. e4 e5 2. Nf3 Nc6 3. Bb5 Nge7 4. O-O g6 5. c3 Bg7 6. d4 exd4 7. cxd4 d5 8.
exd5 Nxd5 9. Re1+ Be6 10. Bg5 Qd6 11. Nbd2 O-O 12. Ne4 Qb4 13. Bxc6 bxc6 14.
Qc1 Rfe8 15. a3 Qb5 16. Nc5 Bf5 17. Qd2 a5 18. Nh4 Be6 19. Rac1 a4 20. Nxe6
Rxe6 21. Rxe6 fxe6 22. Nf3 Rb8 23. Rc2 c5 24. dxc5 Bxb2 25. Nd4 Bxd4 26. Qxd4
Qe2 27. Rc1 Rf8 28. Bh6 Rf6 29. Rb1 Kf7 30. h3 Qh5 31. Qd2 Qe5 32. Rb8 Qa1+ 33.
Kh2 Qe5+ 34. g3 Rf5 35. Rf8+ Ke7 36. Rg8 Qc3 37. Rg7+ Rf7 38. Qg5+ Qf6 39. Rg8
Qxg5 40. Bxg5+ Kd7 41. Kg2 Kc6 42. Ra8 Nc3 43. Be3 e5 44. Bd2 Ne4 45. Be3 Nc3
1/2-1/2

[Event "4NCL/Div2/SWD1 vs. BAR3"]
[Site "Birmingham ENG"]
[Date "2001.11.25"]
[Round "4.2"]
[White "Twyble, Michael S"]
[Black "Cooper, John G"]
[Result "1/2-1/2"]
[WhiteElo "2220"]
[BlackElo "2333"]
[PlyCount "37"]
[EventDate "2001.11.25"]
[SourceDate "2001.01.01"]

1. d4 d5 2. c4 e6 3. Nc3 c5 4. cxd5 exd5 5. Nf3 Nc6 6. Bf4 Bg4 7. dxc5 d4 8.
Ne4 Bxc5 9. Nxc5 Qa5+ 10. Nd2 Qxc5 11. Ne4 Qb4+ 12. Qd2 Nf6 13. Nxf6+ gxf6 14.
e4 dxe3 15. Bxe3 O-O 16. Be2 Qxd2+ 17. Kxd2 Rfd8+ 18. Ke1 Be6 19. a3 1/2-1/2

[Event "4NCL/Div2/SWD1 vs. BAR3"]
[Site "Birmingham ENG"]
[Date "2001.11.25"]
[Round "4.3"]
[White "Zeidler, Sven P"]
[Black "Mack, Andrew"]
[Result "1-0"]
[WhiteElo "2296"]
[BlackElo "2275"]
[PlyCount "65"]
[EventDate "2001.11.25"]
[SourceDate "2001.01.01"]

1. e4 e6 2. d4 d5 3. exd5 exd5 4. Nf3 Bd6 5. c4 c6 6. Nc3 Ne7 7. Bd3 dxc4 8.
Bxc4 O-O 9. O-O Nd7 10. Bg5 Nb6 11. Bb3 Kh8 12. Bxe7 Qxe7 13. Re1 Qc7 14. Rc1
Bg4 15. h3 Bh5 16. g4 Bg6 17. Ne5 Bxe5 18. dxe5 Rad8 19. Qf3 Rd3 20. Re3 Rfd8
21. Rce1 Rxe3 22. Rxe3 Nd5 23. Nxd5 cxd5 24. Bxd5 b5 25. h4 Qe7 26. h5 Bc2 27.
Qxf7 Qg5 28. e6 Qxg4+ 29. Rg3 Qd1+ 30. Kh2 Bg6 31. Qf3 Qxd5 32. e7 Bb1 33. Qxd5
1-0

[Event "4NCL/Div2/SWD1 vs. BAR3"]
[Site "Birmingham ENG"]
[Date "2001.11.25"]
[Round "4.4"]
[White "Taylor, Peter"]
[Black "Dineley, Richard D.P"]
[Result "0-1"]
[WhiteElo "2229"]
[BlackElo "2284"]
[PlyCount "78"]
[EventDate "2001.11.25"]
[SourceDate "2001.01.01"]

1. c4 b6 2. Nc3 e6 3. e4 Bb7 4. Nge2 Nf6 5. d3 c5 6. g3 Be7 7. Bg2 O-O 8. O-O
Nc6 9. h3 d6 10. Be3 a6 11. f4 Re8 12. g4 Bf8 13. g5 Nd7 14. Ng3 g6 15. Qg4 Bg7
16. Rae1 Nd4 17. Bf2 b5 18. Nge2 Qa5 19. a3 Rab8 20. Nxd4 cxd4 21. Nb1 b4 22.
Qe2 Bc6 23. Bg3 bxa3 24. Nxa3 Rb3 25. Rd1 Qb6 26. Rd2 Nc5 27. Rf2 Qb7 28. f5
Nxe4 29. dxe4 Rxg3 30. f6 Bf8 31. Rxd4 Rxg5 32. Qd2 Re5 33. Re2 Rb8 34. Kf1 Qb4
35. Qd3 h6 36. Nb1 Ra5 37. Nc3 Ra1+ 38. Kf2 Qc5 39. Qe3 Qe5 0-1

[Event "4NCL/Div2/SWD1 vs. BAR3"]
[Site "Birmingham ENG"]
[Date "2001.11.25"]
[Round "4.5"]
[White "James, David J"]
[Black "Karayiannis, Costas"]
[Result "1-0"]
[WhiteElo "2247"]
[BlackElo "2157"]
[PlyCount "71"]
[EventDate "2001.11.25"]
[SourceDate "2001.01.01"]

1. d4 Nf6 2. c4 g6 3. Nc3 Bg7 4. e4 d6 5. Bd3 O-O 6. Nge2 a6 7. O-O c5 8. d5 e6
9. a4 exd5 10. Nxd5 Nxd5 11. cxd5 Nd7 12. Nc3 Rb8 13. a5 Re8 14. h3 Nf6 15. Bf4
b5 16. axb6 Rxb6 17. Ra2 Nh5 18. Bh2 Qg5 19. Qc1 Qxc1 20. Rxc1 Be5 21. Bxe5
Rxe5 22. Rca1 Rg5 23. Kh2 Rxg2+ 24. Kxg2 Nf4+ 25. Kg3 Nxd3 26. Nd1 Nb4 27. Ra5
f6 28. Ne3 Rb7 29. Nc4 Rd7 30. f4 Bb7 31. Rd1 g5 32. fxg5 fxg5 33. e5 dxe5 34.
d6 e4 35. Rxc5 Nd3 36. Rc7 1-0

[Event "4NCL/Div2/SWD1 vs. BAR3"]
[Site "Birmingham ENG"]
[Date "2001.11.25"]
[Round "4.6"]
[White "Kieran, Rosalind"]
[Black "Johnston, Dafydd"]
[Result "0-1"]
[WhiteElo "2079"]
[BlackElo "2230"]
[PlyCount "76"]
[EventDate "2001.11.25"]
[SourceDate "2001.01.01"]

1. e4 e6 2. d4 d5 3. e5 c5 4. c3 Nc6 5. Nf3 Bd7 6. Be2 Nge7 7. Na3 Ng6 8. Nc2
Be7 9. O-O O-O 10. Bd3 Rc8 11. Be3 cxd4 12. cxd4 f6 13. exf6 gxf6 14. h4 Qe8
15. Bh6 Rf7 16. h5 Nf8 17. Nh2 e5 18. dxe5 fxe5 19. Ne3 Be6 20. Nhg4 d4 21. Nc2
Nd7 22. f4 Bc5 23. Qf3 e4 24. Bxe4 d3+ 25. Nce3 Nd4 26. Qh3 Bxg4 27. Qxg4+ Kh8
28. f5 Nf6 29. Qh3 Qxe4 30. Kh1 Rg8 31. Rf4 Qc6 32. Ng4 Nxg4 33. Rxg4 Rxg4 34.
Qxg4 Qxh6 35. Re1 d2 36. Re8+ Rf8 37. Re5 Rg8 38. Qd1 Qg5 0-1

[Event "4NCL/Div2/SWD1 vs. BAR3"]
[Site "Birmingham ENG"]
[Date "2001.11.25"]
[Round "4.7"]
[White "Richmond, Peter A"]
[Black "Flower, David"]
[Result "1-0"]
[WhiteElo "2240"]
[BlackElo "2094"]
[PlyCount "73"]
[EventDate "2001.11.25"]
[SourceDate "2001.01.01"]

1. e4 g6 2. d4 Bg7 3. Nc3 d6 4. f4 a6 5. Nf3 b5 6. Bd3 Nd7 7. O-O c5 8. Be3 Bb7
9. dxc5 Nxc5 10. Bxc5 dxc5 11. e5 Qb6 12. Be4 Rd8 13. Qe2 Nh6 14. Rad1 O-O 15.
Bxb7 Qxb7 16. Qe4 Qxe4 17. Nxe4 Rc8 18. Rd7 Rfe8 19. Rfd1 Nf5 20. Kf2 Bf8 21.
R1d5 Ng7 22. c3 Ne6 23. Ke3 h6 24. g4 c4 25. Ra7 Ra8 26. Rdd7 Rec8 27. Rxa8
Rxa8 28. f5 gxf5 29. gxf5 Ng7 30. Nd4 Ne8 31. Nc6 e6 32. fxe6 fxe6 33. Nf6+
Nxf6 34. exf6 Bc5+ 35. Ke4 a5 36. Rg7+ Kf8 37. Ne5 1-0

[Event "4NCL/Div2/SWD1 vs. BAR3"]
[Site "Birmingham ENG"]
[Date "2001.11.25"]
[Round "4.8"]
[White "Williamson, Paul L"]
[Black "Johnston, Lowri"]
[Result "1-0"]
[WhiteElo "2149"]
[BlackElo "1608"]
[PlyCount "95"]
[EventDate "2001.11.25"]
[SourceDate "2001.01.01"]

1. d4 Nf6 2. c4 e6 3. Nc3 Bb4 4. Qc2 O-O 5. a3 Bxc3+ 6. Qxc3 b6 7. Bg5 Bb7 8.
f3 d5 9. e3 Nbd7 10. c5 c6 11. Nh3 Re8 12. cxb6 axb6 13. Bd3 e5 14. O-O exd4
15. exd4 Qc7 16. Bf4 Qd8 17. Rfe1 Rxe1+ 18. Rxe1 c5 19. Bd6 Rc8 20. Bf5 Rc6 21.
Be7 Qc7 22. Qd3 h6 23. Nf2 c4 24. Qe3 Nf8 25. Nd1 Bc8 26. Bxc8 Qxc8 27. Qc3 Re6
28. Bxf8 Rxe1+ 29. Qxe1 Qxf8 30. Qe5 Qe8 31. Nc3 Qe6 32. h3 Qxe5 33. dxe5 d4
34. exf6 dxc3 35. bxc3 gxf6 36. Kf2 Kf8 37. Ke3 Ke7 38. Kd4 Kd6 39. Kxc4 Kc6
40. a4 h5 41. h4 f5 42. f4 f6 43. g3 Kd6 44. Kb5 Kc7 45. c4 Kb7 46. c5 bxc5 47.
Kxc5 Ka6 48. Kd5 1-0